000 00306nam a2200109Ia 4500
008 220204s9999 xx 000 0 und d
082 _a065.01
_bMAR
100 _aMartino, R L
245 0 _aProject management and control. V 1. Finding the critical path
260 _aBombay
_bTaraporevala
_c1976
942 _cBK
999 _c30309
_d30309